Statistics for World Languages A-Z #3

Click here to take the quiz!

General Stats

  • This quiz has been taken 940 times
  • The average score is 14 of 24

Answer Stats

ClueLanguage% Correct
RMost widely spoken Slavic languageRussian
91%
MIndigenous language of New ZealandMāori
90%
FLanguage spoken by Marion Cotillard and Jean RenoFrench
86%
THistorically called "Siamese"Thai
86%
LLeast-spoken official language in Southeast AsiaLao
82%
HLanguage that is mutually intelligible with standard UrduHindi
78%
DLanguage with namesake of two U.S. states' nameDakota
77%
SLanguage spoken at the eastern part of Horn of AfricaSomali
77%
INative American language that is spoken mainly around the North American ArcticInuit
74%
BFirst language that used the Cyrillic alphabet as its official scriptBulgarian
70%
K"Kurmanji" and "Sorani" are two of the main dialects of this Middle Eastern languageKurdish
66%
N"Bokmål" is one of two standard forms of this languageNorwegian
63%
PMost of the Afghans speak "Dari", which is a variety of this languagePersian
62%
UTurkic language spoken in China's Xinjiang autonomous regionUyghur
61%
VRomance language that some consider to be a dialect of Italian, but is NOT soVenetian
58%
GThe name of this language is also the name of the currency of ParaguayGuarani
51%
WExtinct Native American language with namesake of the largest city in KansasWichita
50%
ORomance language spoken in southern FranceOccitan
44%
AThe speakers of this language refer to is as "Hayeren"Armenian
43%
EIt's not a famous Celtic singer, it's the native language of 15,000 people in D.R. CongoEnya
38%
YMain language of Russia's Sakha RepublicYakut
30%
JVariety of Chinese spoken mainly in ShanxiJin
26%
ZGroup of Mesoamerican languages spoken mainly in southern MexicoZapotec
20%
C"Nyanja" is another name for this African languageChewa
17%

Score Distribution

Percentile by Number Answered

Percent of People with Each Score

Your Score History

You have not taken this quiz